Central Library OPAC University of Rajshahi

Introduction to criminal justice / (Record no. 4793)

MARC details
000 -LEADER
fixed length control field 00870cam a2200277 i 4500
001 - CONTROL NUMBER
control field 4793
003 - CONTROL NUMBER IDENTIFIER
rucl marc code BD-RjUL
005 - DATE AND TIME OF LATEST TRANSACTION
control field 20211208233945.0
008 - FIXED-LENGTH DATA ELEMENTS--GENERAL INFORMATION
fixed length control field 800822s1980 caua b 001 0 eng
020 ## - INTERNATIONAL STANDARD BOOK NUMBER
International Standard Book Number 0024707007
035 ## - SYSTEM CONTROL NUMBER
System control number (BD-RjUL)4828
040 ## - CATALOGING SOURCE
Original cataloging agency DLC
Transcribing agency DLC
Modifying agency DLC
-- BD-RjUL
Language of cataloging eng
041 ## - LANGUAGE CODE
Language code of text/sound track or separate title eng
082 00 - DEWEY DECIMAL CLASSIFICATION NUMBER
Classification number 364.973
Edition number 19
Author mark and year PUI
100 1# - MAIN ENTRY--PERSONAL NAME
Personal name Pursley, Robert D.
9 (RLIN) 15120
245 10 - TITLE STATEMENT
Title Introduction to criminal justice /
Statement of responsibility, etc. Robert D. Pursley.
250 ## - EDITION STATEMENT
Edition statement 2d ed.
260 ## - PUBLICATION, DISTRIBUTION, ETC. (IMPRINT)
Place of publication, distribution, etc. Encino, Calif. :
Name of publisher, distributor, etc. Glencoe Pub. Co. ;
Place of publication, distribution, etc. London :
Name of publisher, distributor, etc. Collier Macmillan Publishers,
Date of publication, distribution, etc. c1980.
300 ## - PHYSICAL DESCRIPTION
Pagination xv, 592 p. :
Illustrations ill. ;
Size 26 cm.
490 0# - SERIES STATEMENT
Series statement Glencoe criminal justice series
504 ## - BIBLIOGRAPHY, ETC. NOTE
Bibliography, etc Includes bibliographies and index.
650 #0 - SUBJECT ADDED ENTRY--TOPICAL TERM
Topical term or geographic name as entry element Criminal justice, Administration of
Geographic subdivision United States.
9 (RLIN) 14875
942 ## - ADDED ENTRY ELEMENTS (KOHA)
Source of classification or shelving scheme Dewey Decimal Classification
Koha item type Books
Holdings
Lost status Source of classification or shelving scheme Damaged status Not for loan Collection code Permanent Location Current Location Shelving location Date acquired Source of acquisition Total Checkouts Full call number Date last seen Copy number Koha item type
  Dewey Decimal Classification     Non-fiction Central Library, University of Rajshahi Central Library, University of Rajshahi   19/07/1987 Asia Foundation   364.973 PUI 1980 24/12/2013 C-1 Books